[Event "Vicente Lopez IRT op"]
[Site "Vicente Lopez"]
[Date "2003.07.30"]
[Round "6.5"]
[White "Miserendino, Alfredo"]
[Black "Batinov, Alex"]
[Result "1-0"]
[WhiteElo "2210"]
[BlackElo "2000"]
[PlyCount "65"]
[EventDate "2003.07.25"]
[EventType "swiss"]
[EventRounds "10"]
[EventCountry "ARG"]
[SourceTitle "CBM 095 Extra"]
[Source "ChessBase"]
[SourceDate "2003.09.04"]
[SourceVersion "1"]
[SourceVersionDate "2003.09.04"]
[SourceQuality "1"]

1. Nf3 Nf6 2. d4 d5 3. g3 e6 4. Bg2 Be7 5. 0-0 0-0 6. c4 b6 7. Nc3 Bb7 8. cxd5 exd5 9. Bf4 Nbd7 10. Rc1 c5 11. Ne5 Re8 12. Nb5 Nh5 13. Nd3 Nxf4 14. Nxf4 Nf6 15. dxc5 Qd7 16. c6 Bxc6 17. Bh3 Qb7 18. Nd4 Bd7 19. Bg2 Bd6 20. Qd3 Ne4 21. e3 a6 22. Rfd1 Rad8 23. Nfe2 Be5 24. Nc3 Nxc3 25. Rxc3 Be6 26. Rc2 Rc8 27. Rdc1 Rxc2 28. Rxc2 Rc8 29. Rc3 Rc5 30. h4 g6 31. Kh2 Rxc3 32. Qxc3 Kg7 33. Nxe6+ 1-0

[Event "Vicente Lopez IRT op"]
[Site "Vicente Lopez"]
[Date "2003.07.29"]
[Round "5.6"]
[White "Fernandez Arrue, Ruben"]
[Black "Miserendino, Alfredo"]
[Result "0-1"]
[WhiteElo "2120"]
[BlackElo "2210"]
[PlyCount "102"]
[EventDate "2003.07.25"]
[EventType "swiss"]
[EventRounds "10"]
[EventCountry "ARG"]
[SourceTitle "CBM 095 Extra"]
[Source "ChessBase"]
[SourceDate "2003.09.04"]
[SourceVersion "1"]
[SourceVersionDate "2003.09.04"]
[SourceQuality "1"]

1. d4 Nf6 2. c4 c5 3. d5 b5 4. b3 g6 5. Bb2 Bg7 6. Nd2 b4 7. Ngf3 d6 8. e4 Nbd7 9. Bd3 a5 10. 0-0 a4 11. Rb1 axb3 12. axb3 0-0 13. h3 Ra2 14. Qe2 e6 15. dxe6 fxe6 16. Qe3 Rxb2 17. Rxb2 Ng4 18. hxg4 Bxb2 19. g5 Ne5 20. Be2 Nc6 21. e5 Nxe5 22. Nh2 Bd4 23. Qg3 Bb7 24. Kh1 Nf7 25. f4 e5 26. Nhf3 exf4 27. Qxf4 Nh6 28. Qh4 Nf5 29. Qh3 Ne3 30. Re1 Bc8 31. Qh4 Nf5 32. Qf4 Bf2 33. Ne4 Ng3+ 34. Qxg3 Bxg3 35. Nxg3 Bb7 36. Bd1 d5 37. cxd5 Bxd5 38. Be2 Qd6 39. Rd1 Qxg3 40. Rxd5 Ra8 41. Bc4 Kf8 42. Rd1 Ra2 43. Rg1 Rf2 44. Nh2 Qxg5 45. Nf3 Qg3 46. Nh2 g5 47. Bd5 g4 48. Rc1 h5 49. Rxc5 Qd6 50. Rc8+ Ke7 51. Kg1 g3 0-1

[Event "Vicente Lopez IRT op"]
[Site "Vicente Lopez"]
[Date "2003.07.27"]
[Round "3.5"]
[White "Diaz, Diego Patricio"]
[Black "Miserendino, Alfredo"]
[Result "1/2-1/2"]
[WhiteElo "2101"]
[BlackElo "2210"]
[PlyCount "86"]
[EventDate "2003.07.25"]
[EventType "swiss"]
[EventRounds "10"]
[EventCountry "ARG"]
[SourceTitle "CBM 095 Extra"]
[Source "ChessBase"]
[SourceDate "2003.09.04"]
[SourceVersion "1"]
[SourceVersionDate "2003.09.04"]
[SourceQuality "1"]

1. e4 c5 2. Nf3 d6 3. d4 cxd4 4. Nxd4 Nf6 5. Nc3 Nc6 6. f3 e6 7. Be3 Be7 8. Qd2 0-0 9. 0-0-0 d5 10. exd5 Nxd5 11. Nxd5 exd5 12. Kb1 Re8 13. Bb5 Bd7 14. Nb3 Be6 15. Nc5 Qc8 16. Nxe6 fxe6 17. Rhe1 a6 18. Bf1 Bf6 19. Bg5 Bxg5 20. Qxg5 Qd8 21. Qxd8 Raxd8 22. f4 Kf7 23. g3 Kf6 24. Bg2 b5 25. Rd3 b4 26. Rde3 Rd6 27. Bh3 a5 28. Bf1 Re7 29. Bd3 h6 30. h4 e5 31. fxe5+ Rxe5 32. Rf1+ Ke7 33. Ref3 Nd8 34. Kc1 Rde6 35. Kd2 Kd6 36. a3 Nb7 37. axb4 axb4 38. Bf5 Re2+ 39. Kd1 Re8 40. R3f2 Rxf2 41. Rxf2 Re7 42. Rf4 Kc5 43. Kd2 Nd6 1/2-1/2